|
|
|
|
| LEADER |
00000nab a2200000uu 4500 |
| 001 |
vtls011452067 |
| 003 |
SK-MaSNL |
| 005 |
20260303123334.0 |
| 008 |
230213|1962 xo |||||||||||||||||slo| |
| 015 |
|
|
|a SNBRB
|
| 035 |
|
|
|a (urnnbn)urn:nbn:sk:snk:ar-007ixq
|
| 035 |
|
|
|a (uuid)6d9f7721-330a-4aa9-afe2-e68362270b28
|
| 035 |
|
|
|a urn:nbn:sk:snk-abcnvu
|
| 040 |
|
|
|a SNKBUCL
|b slo
|c SNKBUCL
|e AACR2
|
| 041 |
0 |
|
|a slo
|
| 044 |
|
|
|a xo
|c SK
|
| 100 |
1 |
|
|a Lešková, Oľga
|4 aut
|9 669775
|
| 245 |
1 |
0 |
|a HISTOLOGICKÉ ZMENY U ĎATELINY PLAZIVEJ, INFIKOVANEJ VÍRUSOM PARASTOLBURU
|c Oľga Lešková
|
| 773 |
0 |
|
|t Biológia : časopis Slovenskej akadémie vied
|g Roč. 17, č. 12 (1962), s. 857-860
|
| 954 |
|
|
|a odborná, vedecká literatúra pôvodná (slovenská)
|2 lita
|
| 958 |
|
|
|a OND
|
| 958 |
|
|
|a EUIPO
|
| 958 |
|
|
|a article16
|
| 999 |
|
|
|c 1925361
|d 1927291
|